Московский врачебный журнал, издаваемый практическими врачами. 1857, Кн.4 (Запись № 2903851)

Подробности
000 -МАРКЕР
контрольное поле 01219nam2a22002531 4500
001 - ИДЕНТИФИКАТОР ЗАПИСИ
контрольное поле RU\NLR\INFOCOMM17\1000417316
005 - ИДЕНТИФИКАТОР ВЕРСИИ
контрольное поле 20250617065908.0
035 ## - ДРУГИЕ СИСТЕМНЫЕ НОМЕРА
Идентификатор записи (NLR Aleph) 002537466
100 ## - ДАННЫЕ ОБЩЕЙ ОБРАБОТКИ
Данные общей обработки 20040511d1857 |||y0rusy50 ca
101 0# - ЯЗЫК РЕСУРСА
Язык текста, звукозаписи и т.д. русский
102 ## - СТРАНА ПУБЛИКАЦИИ ИЛИ ПРОИЗВОДСТВА
Страна публикации Российская Федерация
105 ## - ПОЛЕ КОДИРОВАННЫХ ДАННЫХ: ТЕКСТОВЫЕ МАТЕРИАЛЫ, МОНОГРАФИЧЕСКИЕ
Кодированные данные о монографическом текстовом документе y |||||||||
200 0# - ЗАГЛАВИЕ И СВЕДЕНИЯ ОБ ОТВЕТСТВЕННОСТИ
Основное заглавие 1857, Кн.4
210 ## - ПУБЛИКАЦИЯ, РАСПРОСТРАНЕНИЕ И ДР.
Дата издания, распространения и т.д. 1857
Место издания, распространения и т.д. Б. м.
421 #1 - ПРИЛОЖЕНИЕ
Встроенное поле 2001#$a[Микроскопическая анатомия человеческого тела$fКелликер А.
-- 700#1$aКелликер$bА.
-- 210##$aМ.]$d1857-1859
-- 309##$aПрипл.
Заглавие [Микроскопическая анатомия человеческого тела
Автор Келликер, А.
461 #0 - УРОВЕНЬ НАБОРА
Встроенное поле 001RU\NLR\INFOCOMM17\1000417277
-- 2001#$aМосковский врачебный журнал, издаваемый практическими врачами$v1857, Кн.4
Системный номер (АБИС) связанной записи 2903775
Место публикации М.
Дата публикации 1847-1858
Имя издателя, распространителя и т.д. А.Е. Эвениус
Заглавие Московский врачебный журнал, издаваемый практическими врачами
Номер тома 1857, Кн.4
801 #1 - ИСТОЧНИК ЗАПИСИ
Страна Российская Федерация
Организация InfoComm
Дата составления 20040511
801 #0 - ИСТОЧНИК ЗАПИСИ
Страна Российская Федерация
Организация NLR
Правила каталогизации PSBO
852 ## - МЕСТОНАХОЖДЕНИЕ И ШИФР ХРАНЕНИЯ
Идентификатор организации NLR
Шифр хранения (Call Number) 3/1834
942 ## - ДОПОЛНИТЕЛЬНЫЕ ЭЛЕМЕНТЫ ЗАПИСИ (АБИС)
Тип экземпляра АБИС Выпуск
980 ## - КОЛЛЕКЦИЯ
Название коллекции Национальная библиография
980 ## - КОЛЛЕКЦИЯ
Название коллекции Русская периодика

Нет доступных экземпляров.